| 000 | 00985nam a22002897a 4500 | ||
|---|---|---|---|
| 001 | 961 | ||
| 005 | 20230804154157.0 | ||
| 008 | 230717b cb ||||| |||| 00| 0 eng d | ||
| 020 | _a0525427007 | ||
| 040 |
_aDLC _cDLC _dDLC _beng |
||
| 050 | 0 | 0 |
_aPZ7.G2933 _bWh |
| 082 | 0 | 0 | _a813.54 |
| 100 | 1 |
_aGeorge, Jean Craighead, _d1919-2012. |
|
| 245 | 1 | 0 |
_aWho really killed Cock Robin? _cJean Craighead George |
| 250 | _aFirst Harper Trophy edition, 1992. | ||
| 260 |
_aNew York : _bHarper Trophy, _c1992. |
||
| 300 |
_a191 pages : _ba map ; _c20 cm. |
||
| 490 | _aAn ecomystery | ||
| 505 | _aU | ||
| 520 | _aTwo ecology-conscious children try to trace the imbalances in the environment that might have caused the death of the town's best-known robin. | ||
| 521 |
_a830
_bLexile |
||
| 521 |
_aU
_bRaz-Plus |
||
| 650 | 1 |
_aEcology _xFiction. |
|
| 650 | 1 |
_aEnvironmental protection _xFiction. |
|
| 906 |
_a7 _bcbc _corignew _d2 _encip _f19 _gy-gencatlg |
||
| 942 |
_2ddc _cBK _n0 |
||
| 999 |
_c961 _d961 |
||